اكتمل التصدير — 

Memorias bajo los viñedos: Arqueología y paisaje histórico en Rioja Alavesa

محفوظ في:

مؤلفون آخرون: Quirós Castillo, Juan Antonio (المحرر), Tejerizo, Carlos (المحرر)

التنسيق: كتاب

منشور في: Oxford Archaeopress Publishing Ltd 2025

الوسوم: إضافة وسم

لا توجد وسوم, كن أول من يضع وسما على هذه التسجيلة!

رقم الطلب:

LEADER 00733namaa2200181 4500
001 9781805831198
003 UkOxAP
005 20260405155019.0
020 |a 9781805831204 
776 1 |x 9781805831198 
245 0 0 |a Memorias bajo los viñedos: Arqueología y paisaje histórico en Rioja Alavesa 
100 1 |a Quirós Castillo, Juan Antonio  |e Editor  |l Spanish 
700 1 |a Tejerizo, Carlos  |e Editor  |l Spanish 
856 4 2 |a http://library.arce.org:8087/Archaeopress/Products/9781805831204 
260 |a Oxford  |b Archaeopress Publishing Ltd  |c 2025 
270 |a Archaeopress Publishing Ltd, Summertown Pavillion, 18 -24 Middle Way, Summertown  |b Oxford  |d United Kingdom  |e OX2 7LG  |k 44-1865-311914  |m info@archaeopress.com 
942 |2 lcc  |c EBOOK 
999 |c 62156  |d 62156